000 00552nam a2200181Ia 4500
003 GCL
008 140319s9999 xx 000 0 ara d
040 _aGCL /
_cGCL
082 0 4 _a891.7
_bا ز
100 1 _aاوخانوف, ايفان
245 1 0 _aزبد الحديد : رواية /
_cاوخانوف, ايفان
700 1 _aحسن البياتى (مترجم)
300 _a207 ص
490 _aالهيئة العامة للاستعلامات
_v0
650 0 4 _aالادب الروسى
650 0 4 _aالقصة الروسية
942 _2ddc
_cBK
999 _c47354
_d47354